000 00561nam a2200217Ia 4500
999 _c101763
_d101763
003 0100
005 20180103153723.0
008 130307s9999 xx 000 0 und d
040 _cARRUPELIB
050 _aGN865.Z55B94 1998
100 _aBurrett, Robert S
_938261
245 _aShadows of our ancestors:
_bsome preliminary notes on the archaeology of Zimbabwe
260 _aHarare:
_bTexel Desktop Publishing,
_c1998
300 _a45p.
300 _b32 cm.
650 _aZimbabwe
_xAntiquities
_931775
650 _aZimbabwe
_xHistory
_910314
942 _2lcc
_cMONOGRAPH